000 00990nam a2200337 i 4500
001 15563883
003 EG-ScBUE
005 20230511134605.0
008 200910t2019 enka f 000 0 eng d
020 _a9781786275806
035 _a(NhCcYBP)om336256970
035 _a15563883
040 _aNhCcYBP
_beng
_erda
_cNhCcYBP
_dEG-ScBUE
082 0 4 _222
_a778.3
_bMEY
100 1 _aMeyerowitz, Joel,
_d1938-
_eauthor.
245 1 0 _aHow I make photographs /
_cJoel Meyerowitz.
264 1 _aLondon :
_bLaurence King Publishing,
_c2019.
264 4 _cc2019
300 _a128 pages :
_bcolor illustrations ;
_c20 cm.
336 _atext
_btxt
_2rdacontent
336 _astill image
_2rdacontent
_btxt
337 _aunmediated
_bn
_2rdamedia
338 _avolume
_bnc
_2rdacarrier
490 0 _aMasters of photography
650 7 _aPhotography
_xTechnique.
_2BUEsh
653 _bART
_cMay2023
655 _vReading book
942 _2ddc
_cBB
960 _a39002138193405
987 _cON ORDER
999 _c30344
_d30315